[Event "WYCC 2018 O14"]
[Site "Halkidiki"]
[Date "2018.10.26"]
[Round "7"]
[White "Gavriil, Odysseas-Panagiotis"]
[Black "Czopor, Maciej"]
[Result "1-0"]
[WhiteElo "2009"]
[BlackElo "2219"]
[Annotator "NA"]
[PlyCount "135"]
[EventDate "2018.10.20"]
[EventType "swiss"]
[EventCountry "GRE"]
[SourceTitle "playchess.com"]
[Source "ChessBase"]
[SourceQuality "1"]
[TimeControl "40/5400+30:1800+30"]

1. d4 {[%emt 0:00:10]} Nf6 {[%emt 0:00:00]} 2. c4 {[%emt 0:00:43]} e6 {[%emt 0:00:06]} 3. Nc3 {[%emt 0:00:14]} Bb4 {[%emt 0:00:43]} 4. e3 {[%emt 0:00:30]} O-O {[%emt 0:01:14]} 5. Bd3 {[%emt 0:00:15]} d5 {[%emt 0:01:02]} 6. Nf3 {[%emt 0:00:36]} c5 {[%emt 0:01:00]} 7. O-O {[%emt 0:00:30]} Nc6 {[%emt 0:02:03]} 8. a3 {[%emt 0:05:25]} Bxc3 {[%emt 0:01:09]} 9. bxc3 {[%emt 0:00:11]} dxc4 {[%emt 0:00:32]} 10. Bxc4 {[%emt 0:00:53]} Qc7 {[%emt 0:00:52]} 11. Bd3 {[%emt 0:06:42]} e5 {[%emt 0:19:07]} 12. Qc2 {[%emt 0:09:24]} Re8 {[%emt 0:10:08]} 13. e4 {[%emt 0:09:15]} Nd7 {[%emt 0:15:58]} 14. Be3 {[%emt 0:03:34]} b6 {[%emt 0:05:09]} 15. d5 {[%emt 0:06:44]} Nd8 {[%emt 0:05:32]} 16. Nd2 {[%emt 0:02:53]} f6 {[%emt 0:03:00]} 17. a4 {[%emt 0:00:48]} a5 {[%emt 0:06:42]} 18. f4 {[%emt 0:11:21]} Nf7 {[%emt 0:02:35]} 19. f5 {[%emt 0:01:00]} Nd6 {[%emt 0:01:45]} 20. Nc4 {[%emt 0:00:31]} Nxc4 {[%emt 0:04:17]} 21. Bxc4 {[%emt 0:02:28]} Qd6 {[%emt 0:00:08]} 22. g4 {[%emt 0:01:34]} h6 {[%emt 0:03:03]} 23. Rf3 {[%emt 0:01:01]} Nf8 {[%emt 0:00:45]} 24. h4 {[%emt 0:04:45]} Nh7 {[%emt 0:01:53]} 25. Rb1 {[%emt 0:01:00]} Bd7 {[%emt 0:01:19]} 26. Rf2 {[%emt 0:02:16]} Rab8 {[%emt 0:02:44]} 27. Bb5 {[%emt 0:01:27]} Nf8 {[%emt 0:01:22]} 28. Qd3 {[%emt 0:02:46]} Kf7 {[%emt 0:00:26]} 29. Rfb2 {[%emt 0:04:09]} Rec8 {[%emt 0:02:42]} 30. Qc4 {[%emt 0:01:42]} Rc7 {[%emt 0:00:40]} 31. Kf2 {[%emt 0:04:39]} Bxb5 {[%emt 0:01:18]} 32. Rxb5 {[%emt 0:00:26]} Nd7 {[%emt 0:00:15]} 33. Rg1 {[%emt 0:02:18]} Rh8 {[%emt 0:00:17]} 34. Ke1 {[%emt 0:00:52]} Rcc8 {[%emt 0:01:09]} 35. Rb2 {[%emt 0:00:39]} Rb8 {[%emt 0:00:58]} 36. Rbg2 {[%emt 0:03:47]} Rbg8 {[%emt 0:01:16]} 37. Kd1 {[%emt 0:03:31]} Rh7 {[%emt 0:01:08]} 38. Kc1 {[%emt 0:00:41]} Rgh8 {[%emt 0:00:53]} 39. Qb5 {[%emt 0:00:50]} Rg8 {[%emt 0:01:22]} 40. Qc6 {[%emt 0:00:00]} Ke7 {[%emt 0:00:00]} 41. g5 {[%emt 0:03:30]} hxg5 {[%emt 0:05:17]} 42. hxg5 {[%emt 0:00:45]} Rf8 {[%emt 0:07:12]} 43. gxf6+ {[%emt 0:00:56]} gxf6 {[%emt 0:00:58]} 44. Rg7+ {[%emt 0:07:00]} Rf7 {[%emt 0:00:09]} 45. Rxh7 {[%emt 0:00:27]} Rxh7 {[%emt 0:00:09]} 46. Rg8 {[%emt 0:00:07]} Rh1+ {[%emt 0:03:45]} 47. Kc2 {[%emt 0:01:30]} Qxc6 {[%emt 0:01:33]} 48. dxc6 {[%emt 0:00:12]} Kd6 {[%emt 0:00:19]} 49. cxd7 {[%emt 0:00:28]} Kxd7 {[%emt 0:00:09]} 50. Rb8 {[%emt 0:00:29]} Kc7 {[%emt 0:01:45]} 51. Rf8 {[%emt 0:00:08]} Rh4 {[%emt 0:00:16]} 52. Rf7+ {[%emt 0:00:33]} Kd8 {[%emt 0:00:12]} 53. Rxf6 {[%emt 0:00:20]} Rxe4 {[%emt 0:00:05]} 54. Bg5 {[%emt 0:01:06]} Rxa4 {[%emt 0:00:10]} 55. Rxb6+ {[%emt 0:01:08]} Ke8 {[%emt 0:00:05]} 56. Re6+ {[%emt 0:00:11]} Kf7 {[%emt 0:00:05]} 57. Re7+ {[%emt 0:00:27]} Kf8 {[%emt 0:00:04]} 58. Rxe5 {[%emt 0:00:03]} Rg4 {[%emt 0:00:27]} 59. Be7+ {[%emt 0:00:07]} Kf7 {[%emt 0:00:04]} 60. Bxc5 {[%emt 0:00:13]} a4 {[%emt 0:00:07]} 61. Re2 {[%emt 0:02:33]} Kf6 {[%emt 0:00:40]} 62. Rf2 {[%emt 0:00:07]} Rc4 {[%emt 0:00:09]} 63. Bd4+ {[%emt 0:00:15]} Kf7 {[%emt 0:00:04]} 64. f6 {[%emt 0:00:19]} Rc8 {[%emt 0:00:05]} 65. Kb1 {[%emt 0:00:49]} Ra8 {[%emt 0:00:25]} 66. Ka2 {[%emt 0:00:08]} Ra6 {[%emt 0:00:03]} 67. Ka3 {[%emt 0:00:08]} Ra8 {[%emt 0:00:04]} 68. Rb2 {[%emt 0:00:11]} 1-0

[Event "WYCC 2018 O14"]
[Site "Halkidiki"]
[Date "2018.10.26"]
[Round "7"]
[White "Egorov, Mikhail"]
[Black "Galkin, Gleb"]
[Result "1/2-1/2"]
[WhiteElo "2006"]
[BlackElo "2134"]
[Annotator "NA"]
[PlyCount "118"]
[EventDate "2018.10.20"]
[EventType "swiss"]
[EventCountry "GRE"]
[SourceTitle "playchess.com"]
[Source "ChessBase"]
[SourceQuality "1"]
[TimeControl "40/5400+30:1800+30"]

1. d4 {[%emt 0:00:00]} d5 {[%emt 0:00:00]} 2. c4 {[%emt 0:00:00]} e6 {[%emt 0:00:00]} 3. Nf3 {[%emt 0:00:00]} Nf6 {[%emt 0:00:00]} 4. g3 {[%emt 0:00:00]} Bb4+ {[%emt 0:00:00]} 5. Bd2 {[%emt 0:00:00]} Be7 $11 {[%emt 0:00:03] LiveBook: 3469 Games} 6. Bg2 {[%emt 0:00:17]} O-O {[%emt 0:00:06]} 7. O-O {[%emt 0:00:50]} c6 {[%emt 0:00:05]} 8. Qc2 {[%emt 0:01:00]} b6 {[%emt 0:00:08]} 9. Rd1 {[%emt 0:09:23]} Nbd7 {[%emt 0:03:39]} 10. Bf4 {[%emt 0:03:11]} Bb7 {[%emt 0:00:28]} 11. Ne5 {[%emt 0:00:47]} Nh5 {[%emt 0:04:04]} 12. Bd2 {[%emt 0:02:09]} Nhf6 {[%emt 0:00:21]} 13. cxd5 {[%emt 0:00:36]} cxd5 {[%emt 0:00:04]} 14. Nc6 {[%emt 0:00:31]} Bxc6 {[%emt 0:00:06]} 15. Qxc6 {[%emt 0:00:07]} Rc8 {[%emt 0:00:04]} 16. Qb5 {[%emt 0:00:12]} Ne8 {[%emt 0:00:10]} 17. Qd3 {[%emt 0:00:39]} Nd6 {[%emt 0:00:48]} 18. b3 {[%emt 0:00:20]} f5 {[%emt 0:13:04]} 19. e3 {[%emt 0:09:14]} Qc7 {[%emt 0:10:45]} 20. Na3 {[%emt 0:14:31]} Ne4 {[%emt 0:03:02]} 21. Nb5 {[%emt 0:03:36]} Qb7 {[%emt 0:01:05]} 22. Be1 {[%emt 0:02:11]} a6 {[%emt 0:01:40]} 23. Nc3 {[%emt 0:01:21]} b5 {[%emt 0:06:11]} 24. f3 {[%emt 0:01:28]} Nxc3 {[%emt 0:02:33]} 25. Bxc3 {[%emt 0:00:08]} Qc6 {[%emt 0:02:39]} 26. Rac1 {[%emt 0:09:00]} Ba3 {[%emt 0:03:46]} 27. Bb2 {[%emt 0:03:13]} Qd6 {[%emt 0:03:08]} 28. Bxa3 {[%emt 0:00:30]} Qxa3 {[%emt 0:00:06]} 29. Rc2 {[%emt 0:00:41]} Nb6 {[%emt 0:01:56]} 30. Rdd2 {[%emt 0:03:52]} Qd6 {[%emt 0:05:38]} 31. Bh3 {[%emt 0:05:48]} Qb4 {[%emt 0:05:11]} 32. Qe2 {[%emt 0:02:13]} g6 {[%emt 0:07:02]} 33. Kf2 {[%emt 0:04:28]} Qd6 {[%emt 0:04:31]} 34. Qd3 {[%emt 0:02:42]} Nd7 {[%emt 0:02:12]} 35. Rd1 {[%emt 0:06:27]} Rc6 {[%emt 0:02:57]} 36. Rdc1 {[%emt 0:03:42]} Rfc8 {[%emt 0:00:11]} 37. Bf1 {[%emt 0:04:04]} Nb6 {[%emt 0:05:52]} 38. Be2 {[%emt 0:01:50]} Kf7 {[%emt 0:07:59]} 39. Qd2 {[%emt 0:01:42]} Ke7 {[%emt 0:04:32]} 40. Rxc6 {[%emt 0:00:00]} Rxc6 {[%emt 0:00:00]} 41. Rxc6 {[%emt 0:01:51]} Qxc6 {[%emt 0:00:10]} 42. Qa5 {[%emt 0:01:44]} Na8 {[%emt 0:04:17]} 43. Qb4+ {[%emt 0:02:09]} Qd6 {[%emt 0:02:35]} 44. Qc3 {[%emt 0:03:59]} Qc7 {[%emt 0:01:57]} 45. Qd2 {[%emt 0:03:34]} Qc6 {[%emt 0:02:01]} 46. Qb4+ {[%emt 0:03:34]} Qd6 {[%emt 0:00:10]} 47. Qa5 {[%emt 0:00:19]} Qb6 {[%emt 0:03:23]} 48. Qe1 {[%emt 0:00:54]} Nc7 {[%emt 0:03:06]} 49. Qc1 {[%emt 0:02:00]} b4 {[%emt 0:05:10]} 50. a4 {[%emt 0:00:55]} a5 {[%emt 0:01:17]} 51. Ke1 {[%emt 0:04:20]} Kd6 {[%emt 0:00:51]} 52. Kd2 {[%emt 0:03:58]} Qc6 {[%emt 0:03:28]} 53. Qxc6+ {[%emt 0:00:09]} Kxc6 {[%emt 0:00:04]} 54. Bd3 {[%emt 0:00:23]} Kd6 {[%emt 0:05:03]} 55. e4 {[%emt 0:01:02]} Ke7 {[%emt 0:00:50]} 56. Ke3 {[%emt 0:01:01]} Kf6 {[%emt 0:01:22]} 57. exf5 {[%emt 0:00:35]} exf5 {[%emt 0:00:23]} 58. h4 h6 {[%emt 0:00:45]} 59. Be2 {[%emt 0:05:21]} g5 {[%emt 0:00:29]} 1/2-1/2

[Event "WYCC 2018 O14"]
[Site "Halkidiki"]
[Date "2018.10.26"]
[Round "7"]
[White "Chatzieleftheriou, Andreas"]
[Black "Patrelakis, Evaggelos"]
[Result "1/2-1/2"]
[WhiteElo "1984"]
[BlackElo "2146"]
[Annotator "NA"]
[PlyCount "115"]
[EventDate "2018.10.20"]
[EventType "swiss"]
[EventCountry "GRE"]
[SourceTitle "playchess.com"]
[Source "ChessBase"]
[SourceQuality "1"]
[TimeControl "40/5400+30:1800+30"]

1. e4 {[%emt 0:00:00]} c5 {[%emt 0:00:00]} 2. Nf3 {[%emt 0:00:00]} e6 {[%emt 0:00:00]} 3. d4 {[%emt 0:00:00]} cxd4 {[%emt 0:00:00]} 4. Nxd4 {[%emt 0:00:00]} Nf6 {[%emt 0:00:12]} 5. Nc3 {[%emt 0:00:00]} d6 $11 {[%emt 0:00:06] LiveBook: 12461 Partien} 6. g4 {[%emt 0:00:00]} a6 {[%emt 0:00:16]} 7. g5 {[%emt 0:04:18]} Nfd7 {[%emt 0:00:18]} 8. Be3 {[%emt 0:02:14]} b5 {[%emt 0:00:35]} 9. a3 {[%emt 0:01:02]} Bb7 {[%emt 0:00:13]} 10. f4 {[%emt 0:03:49]} Qc7 {[%emt 0:04:15]} 11. f5 {[%emt 0:12:38]} e5 {[%emt 0:13:31]} 12. Nb3 {[%emt 0:00:42]} Nb6 {[%emt 0:10:10]} 13. Na5 {[%emt 0:09:34]} Na4 {[%emt 0:06:18]} 14. Nxb7 {[%emt 0:04:08]} Nxc3 {[%emt 0:14:10]} 15. bxc3 {[%emt 0:01:15]} Qxb7 {[%emt 0:00:44]} 16. Qd5 {[%emt 0:03:52]} Qxd5 {[%emt 0:13:51]} 17. exd5 {[%emt 0:00:02]} Be7 {[%emt 0:03:22]} 18. c4 {[%emt 0:06:01]} bxc4 {[%emt 0:00:07]} 19. Bxc4 {[%emt 0:00:01]} Nd7 {[%emt 0:01:01]} 20. Rb1 {[%emt 0:05:54]} O-O {[%emt 0:03:21]} 21. Ke2 {[%emt 0:20:05]} Rfc8 {[%emt 0:03:07]} 22. Rb7 {[%emt 0:02:37]} Rxc4 {[%emt 0:00:44]} 23. Rxd7 {[%emt 0:00:06]} Bf8 {[%emt 0:01:02]} 24. Rb1 {[%emt 0:09:20]} Rxc2+ {[%emt 0:02:31]} 25. Bd2 {[%emt 0:00:26]} Rac8 {[%emt 0:04:54]} 26. Rb3 {[%emt 0:03:23]} Ra2 {[%emt 0:02:51]} 27. Ra7 {[%emt 0:02:59]} Rcc2 {[%emt 0:07:35]} 28. Rd3 {[%emt 0:00:27]} Rc4 {[%emt 0:00:24]} 29. Ra8 {[%emt 0:03:00]} Rb2 {[%emt 0:00:50]} 30. Kd1 {[%emt 0:02:54]} e4 {[%emt 0:03:22]} 31. Rc3 {[%emt 0:01:10]} Rxc3 {[%emt 0:00:18]} 32. Bxc3 {[%emt 0:00:01]} Rb5 {[%emt 0:00:00]} 33. f6 {[%emt 0:02:37]} Rxd5+ {[%emt 0:01:03]} 34. Ke2 {[%emt 0:00:19]} gxf6 {[%emt 0:04:43]} 35. Bxf6 {[%emt 0:00:48]} Rd3 {[%emt 0:00:52]} 36. Be7 {[%emt 0:00:21]} Kg7 {[%emt 0:00:01]} 37. Bxf8+ {[%emt 0:00:24]} Kg6 {[%emt 0:00:01]} 38. Rxa6 {[%emt 0:00:21]} Kxg5 {[%emt 0:00:12]} 39. Rxd6 {[%emt 0:01:25]} Rb3 {[%emt 0:01:14]} 40. Rd7 {[%emt 0:00:00]} f5 {[%emt 0:00:00]} 41. Rg7+ {[%emt 0:04:50]} Kf6 {[%emt 0:01:34]} 42. Rxh7 {[%emt 0:03:44]} f4 {[%emt 0:04:25]} 43. Bc5 {[%emt 0:13:14]} Rb2+ {[%emt 0:02:06]} 44. Kd1 {[%emt 0:01:07]} Ra2 {[%emt 0:01:15]} 45. h3 {[%emt 0:04:05]} e3 {[%emt 0:01:49]} 46. Re7 {[%emt 0:01:55]} Rh2 {[%emt 0:01:15]} 47. Re8 {[%emt 0:00:59]} Rxh3 {[%emt 0:00:59]} 48. a4 {[%emt 0:01:02]} Rh2 {[%emt 0:03:01]} 49. Bxe3 {[%emt 0:01:33]} fxe3 {[%emt 0:00:23]} 50. Rxe3 {[%emt 0:00:17]} Ra2 {[%emt 0:00:02]} 51. Re4 {[%emt 0:00:15]} Kf5 {[%emt 0:00:01]} 52. Rb4 {[%emt 0:00:39]} Ke5 {[%emt 0:00:07]} 53. Kc1 {[%emt 0:00:03]} Kd5 {[%emt 0:00:07]} 54. Kb1 {[%emt 0:00:16]} Rh2 {[%emt 0:00:06]} 55. a5 {[%emt 0:00:46]} Kc5 {[%emt 0:00:09]} 56. Rb8 {[%emt 0:00:24]} Rh6 {[%emt 0:00:21]} 57. Kb2 {[%emt 0:00:20]} Ra6 {[%emt 0:00:08]} 58. Rh8 {[%emt 0:00:10]} 1/2-1/2

[Event "WYCC 2018 O14"]
[Site "Halkidiki"]
[Date "2018.10.26"]
[Round "7"]
[White "Domalchuk-Jonasson, Aleksandr"]
[Black "Manafov, Vugar"]
[Result "0-1"]
[WhiteElo "1963"]
[BlackElo "2245"]
[Annotator "NA"]
[PlyCount "88"]
[EventDate "2018.10.20"]
[EventType "swiss"]
[EventCountry "GRE"]
[SourceTitle "playchess.com"]
[Source "ChessBase"]
[SourceQuality "1"]
[TimeControl "40/5400+30:1800+30"]

1. d4 {[%emt 0:00:00]} Nf6 {[%emt 0:00:00]} 2. c4 {[%emt 0:00:00]} e6 {[%emt 0:00:00]} 3. Nc3 {[%emt 0:00:00]} Bb4 {[%emt 0:00:02]} 4. e3 {[%emt 0:00:00]} c5 {[%emt 0:00:02]} 5. Nge2 {[%emt 0:00:00]} cxd4 {[%emt 0:00:21]} 6. exd4 {[%emt 0:00:00]} O-O {[%emt 0:00:05]} 7. a3 {[%emt 0:01:42]} Be7 {[%emt 0:00:10]} 8. Nf4 {[%emt 0:01:28]} d6 {[%emt 0:00:41]} 9. Be2 {[%emt 0:01:17]} Nc6 {[%emt 0:04:28]} 10. Be3 {[%emt 0:00:18]} a5 {[%emt 0:06:47]} 11. O-O {[%emt 0:01:57]} d5 {[%emt 0:04:42]} 12. cxd5 {[%emt 0:03:38]} exd5 {[%emt 0:13:59]} 13. Qb3 {[%emt 0:00:54]} a4 {[%emt 0:01:57]} 14. Nxa4 {[%emt 0:04:53]} Na5 {[%emt 0:02:38]} 15. Qa2 {[%emt 0:09:32]} Nc4 {[%emt 0:01:51]} 16. Nc3 {[%emt 0:03:51]} Nxe3 {[%emt 0:02:12]} 17. fxe3 {[%emt 0:00:06]} Be6 {[%emt 0:01:08]} 18. Bf3 {[%emt 0:00:36]} Bd6 {[%emt 0:01:51]} 19. Nxe6 {[%emt 0:23:21]} fxe6 {[%emt 0:00:09]} 20. Qb3 {[%emt 0:00:05]} Qc7 {[%emt 0:01:04]} 21. h3 {[%emt 0:00:15]} Rad8 {[%emt 0:02:02]} 22. Rac1 {[%emt 0:01:33]} Qe7 {[%emt 0:04:16]} 23. e4 {[%emt 0:05:08]} dxe4 {[%emt 0:04:02]} 24. Nxe4 {[%emt 0:00:32]} Nxe4 {[%emt 0:07:22]} 25. Bxe4 {[%emt 0:00:06]} Bf4 {[%emt 0:00:37]} 26. Rcd1 {[%emt 0:03:31]} Kh8 {[%emt 0:07:02]} 27. Rfe1 {[%emt 0:07:44]} Bb8 {[%emt 0:11:43]} 28. g3 {[%emt 0:08:47]} Ba7 {[%emt 0:03:35]} 29. Bg2 {[%emt 0:08:20]} Bxd4+ {[%emt 0:01:42]} 30. Kh2 {[%emt 0:00:06]} e5 {[%emt 0:01:14]} 31. Re2 {[%emt 0:03:18]} b6 {[%emt 0:01:21]} 32. Qc4 {[%emt 0:01:35]} Qg5 {[%emt 0:01:04]} 33. h4 {[%emt 0:01:58]} Qg4 {[%emt 0:03:23]} 34. Qb5 {[%emt 0:03:26]} Bf2 {[%emt 0:06:36]} 35. Rd3 {[%emt 0:00:04]} Rxd3 {[%emt 0:00:30]} 36. Qxd3 {[%emt 0:00:04]} Bxg3+ {[%emt 0:00:05]} 37. Kg1 {[%emt 0:00:45]} Qxh4 {[%emt 0:00:14]} 38. Be4 {[%emt 0:00:23]} Bf2+ {[%emt 0:00:29]} 39. Kg2 Qg4+ {[%emt 0:00:27]} 40. Kh2 {[%emt 0:00:00]} Bg1+ {[%emt 0:00:00]} 41. Kh1 {[%emt 0:00:56]} Bd4 {[%emt 0:01:06]} 42. Rg2 {[%emt 0:01:24]} Rf1+ {[%emt 0:00:18]} 43. Kh2 {[%emt 0:00:11]} Qh4+ {[%emt 0:00:06]} 44. Qh3 {[%emt 0:00:05]} Rh1+ {[%emt 0:00:02]} 0-1

[Event "WYCC 2018 O14"]
[Site "Halkidiki"]
[Date "2018.10.26"]
[Round "7"]
[White "Bolognese, Leonardo"]
[Black "Turcan, Richard"]
[Result "1-0"]
[WhiteElo "1947"]
[BlackElo "2218"]
[Annotator "NA"]
[PlyCount "65"]
[EventDate "2018.10.20"]
[EventType "swiss"]
[EventCountry "GRE"]
[SourceTitle "playchess.com"]
[Source "ChessBase"]
[SourceQuality "1"]
[TimeControl "40/5400+30:1800+30"]

1. d4 {[%emt 0:00:00]} Nf6 {[%emt 0:00:00]} 2. c4 {[%emt 0:00:00]} g6 {[%emt 0:00:00]} 3. Nc3 {[%emt 0:00:04]} d5 {[%emt 0:00:00]} 4. Nf3 {[%emt 0:01:26]} Bg7 {[%emt 0:00:51]} 5. Bg5 {[%emt 0:00:15]} Ne4 {[%emt 0:04:35]} 6. cxd5 {[%emt 0:01:12]} Nxg5 {[%emt 0:02:14]} 7. Nxg5 {[%emt 0:00:16]} e6 {[%emt 0:13:14]} 8. Qa4+ {[%emt 0:02:05]} Bd7 {[%emt 0:00:44]} 9. Qb3 {[%emt 0:00:08]} exd5 {[%emt 0:08:44]} 10. Qxd5 {[%emt 0:18:29]} O-O {[%emt 0:00:17]} 11. Nf3 {[%emt 0:02:16]} Nc6 {[%emt 0:01:33]} 12. e3 {[%emt 0:02:03]} Nb4 {[%emt 0:08:40]} 13. Qb3 {[%emt 0:05:15]} c5 {[%emt 0:01:36]} 14. dxc5 {[%emt 0:09:36]} Qa5 {[%emt 0:02:26]} 15. a3 {[%emt 0:02:42]} Nd5 {[%emt 0:02:59]} 16. O-O-O {[%emt 0:12:21]} Bxc3 {[%emt 0:17:12]} 17. Rxd5 {[%emt 0:07:18]} Be6 {[%emt 0:01:13]} 18. Bc4 {[%emt 0:08:21]} Bxd5 {[%emt 0:02:17]} 19. Bxd5 {[%emt 0:00:10]} Bf6 {[%emt 0:08:40]} 20. Kb1 {[%emt 0:03:46]} Qxc5 {[%emt 0:03:01]} 21. Rc1 {[%emt 0:00:54]} Qd6 {[%emt 0:01:59]} 22. Rd1 {[%emt 0:02:00]} Qe7 {[%emt 0:00:07]} 23. e4 {[%emt 0:00:34]} Rfd8 {[%emt 0:01:37]} 24. h4 Rac8 {[%emt 0:05:36]} 25. e5 {[%emt 0:12:29]} Bg7 {[%emt 0:06:17]} 26. Ng5 {[%emt 0:00:25]} Rf8 {[%emt 0:01:43]} 27. e6 {[%emt 0:03:00]} f6 {[%emt 0:04:43]} 28. Bxb7 {[%emt 0:01:32]} Rc7 {[%emt 0:01:06]} 29. Rd7 {[%emt 0:00:42]} Rxd7 {[%emt 0:00:33]} 30. exd7+ {[%emt 0:00:10]} Kh8 {[%emt 0:00:07]} 31. Qe6 {[%emt 0:02:00]} Qd8 {[%emt 0:00:54]} 32. Nf7+ {[%emt 0:01:08]} Rxf7 {[%emt 0:00:04]} 33. Qxf7 {[%emt 0:00:06]} 1-0

[Event "WYCC 2018 O14"]
[Site "Halkidiki"]
[Date "2018.10.26"]
[Round "7"]
[White "Unneland, Mathias"]
[Black "Karadzhov, Ivan"]
[Result "0-1"]
[WhiteElo "1884"]
[BlackElo "2040"]
[Annotator "NA"]
[PlyCount "102"]
[EventDate "2018.10.20"]
[EventType "swiss"]
[EventCountry "GRE"]
[SourceTitle "playchess.com"]
[Source "ChessBase"]
[SourceQuality "1"]
[TimeControl "40/5400+30:1800+30"]

1. d4 {[%emt 0:00:00]} d5 {[%emt 0:00:00]} 2. c4 {[%emt 0:00:00]} c6 {[%emt 0:00:01]} 3. Nf3 {[%emt 0:00:10]} Nf6 {[%emt 0:00:18]} 4. Nc3 {[%emt 0:00:10]} dxc4 {[%emt 0:01:01]} 5. a4 {[%emt 0:00:28]} g6 {[%emt 0:02:46]} 6. e3 {[%emt 0:02:11]} Be6 {[%emt 0:00:45]} 7. Ne5 {[%emt 0:03:10]} Bg7 {[%emt 0:01:06]} 8. Bxc4 {[%emt 0:02:05]} Bxc4 {[%emt 0:01:05]} 9. Nxc4 {[%emt 0:00:07]} O-O {[%emt 0:00:56]} 10. O-O {[%emt 0:00:38]} Nbd7 {[%emt 0:02:38]} 11. b4 {[%emt 0:05:52]} Qc7 {[%emt 0:07:39]} 12. f4 {[%emt 0:05:21]} Nd5 {[%emt 0:11:26]} 13. Nxd5 {[%emt 0:05:16]} cxd5 {[%emt 0:00:06]} 14. Ne5 {[%emt 0:01:13]} f6 {[%emt 0:06:27]} 15. Nxd7 {[%emt 0:03:49]} Qxd7 {[%emt 0:01:18]} 16. Qb3 {[%emt 0:00:49]} e5 {[%emt 0:05:47]} 17. e4 {[%emt 0:03:18]} Kh8 {[%emt 0:10:57]} 18. Qxd5 {[%emt 0:04:59]} Qxd5 {[%emt 0:03:33]} 19. exd5 {[%emt 0:00:07]} e4 {[%emt 0:07:32]} 20. Be3 {[%emt 0:01:35]} Rad8 {[%emt 0:07:00]} 21. Rac1 {[%emt 0:01:33]} Rf7 {[%emt 0:05:49]} 22. Rc4 {[%emt 0:02:24]} Rxd5 {[%emt 0:01:46]} 23. Rfc1 {[%emt 0:02:30]} Bf8 {[%emt 0:02:33]} 24. Rc8 {[%emt 0:03:43]} Kg7 {[%emt 0:01:06]} 25. b5 {[%emt 0:04:21]} f5 {[%emt 0:03:40]} 26. R1c7 {[%emt 0:01:29]} Rfd7 {[%emt 0:02:59]} 27. Kf2 {[%emt 0:04:09]} Be7 {[%emt 0:01:32]} 28. Rc4 {[%emt 0:03:02]} Bf6 {[%emt 0:00:49]} 29. R8c7 {[%emt 0:00:27]} Kf7 {[%emt 0:01:00]} 30. Ke2 {[%emt 0:02:12]} Ke6 {[%emt 0:00:50]} 31. Rxd7 {[%emt 0:00:44]} Kxd7 {[%emt 0:01:35]} 32. h3 {[%emt 0:01:34]} Be7 {[%emt 0:02:08]} 33. g4 {[%emt 0:00:44]} a6 {[%emt 0:01:23]} 34. bxa6 {[%emt 0:00:09]} bxa6 {[%emt 0:00:05]} 35. g5 {[%emt 0:01:00]} Rd6 {[%emt 0:01:13]} 36. Rb4 {[%emt 0:01:44]} Rc6 {[%emt 0:00:34]} 37. Rb7+ {[%emt 0:00:54]} Rc7 {[%emt 0:00:29]} 38. Rb6 {[%emt 0:04:28]} a5 {[%emt 0:01:21]} 39. Bd2 {[%emt 0:02:53]} Rc4 {[%emt 0:03:56]} 40. Rb7+ {[%emt 0:00:00]} Ke8 {[%emt 0:00:00]} 41. Bxa5 {[%emt 0:07:32]} Rxd4 {[%emt 0:05:52]} 42. Bd2 {[%emt 0:00:40]} Rxa4 {[%emt 0:00:26]} 43. Rb8+ {[%emt 0:00:30]} Bd8 {[%emt 0:04:22]} 44. Rb7 {[%emt 0:03:09]} Ra2 {[%emt 0:01:20]} 45. Kd1 {[%emt 0:01:26]} Be7 {[%emt 0:05:38]} 46. Rb8+ {[%emt 0:01:05]} Kd7 {[%emt 0:03:49]} 47. Rb7+ {[%emt 0:01:53]} Ke6 {[%emt 0:00:19]} 48. Rb6+ {[%emt 0:00:59]} Kd5 {[%emt 0:00:36]} 49. Rb7 {[%emt 0:01:26]} Bc5 {[%emt 0:01:11]} 50. Rb3 {[%emt 0:05:09]} e3 {[%emt 0:03:10]} 51. Bxe3 {[%emt 0:00:28] Ke5} Kc4 {[%emt 0:00:30]} 0-1